| 000 | 01233cam a2200301 4500 | ||
|---|---|---|---|
| 001 | M1419 | ||
| 008 | 090401t1993 xxu||||| |||| 00| 0 eng d | ||
| 035 | _a(Sirsi) u31838 | ||
| 041 | _aeng | ||
| 050 | _a690.2 | ||
| 090 | _aRICS 1993/37ABC | ||
| 110 |
_aRoyal Institution of Chartered Surveyors _94900 |
||
| 245 | _aBuilding Surveyors National Briefing 93: ... Friday 19 - Sunday 21 March 1993, University of Keele. (Programme, synopses etc.) | ||
| 260 |
_aLondon _bRICS Conferences _c1993 |
||
| 300 | _a8 items in folder ; 30cm. | ||
| 350 | _a0 | ||
| 520 | _aContents: - Programme and information - Attendance list - Synopses - The property profession: new responses to the market./ JONAS, CHRISTOPHER - Presidential address./ OWEN, DAVID - The future working environment./ DUFFY, FRANCIS - Legal update./ LANGLEY, ROBERT - Health and safety: where it`s at!/ DEW, KEITH. | ||
| 650 | _aBUILT ENVIRONMENT-BUILDING INSPECTION | ||
| 650 | _aBUILDING SURVEYORS NATIONAL BRIEFING 93 | ||
| 650 |
_aHEALTH AND SAFETY _96244 |
||
| 650 | _aLAW | ||
| 650 | _aMARKETING | ||
| 650 | _aOFFICE DESIGN | ||
| 650 | _aWORKING ENVIRONMENT | ||
| 690 | _aBUILT ENVIRONMENT-BUILDING INSPECTION | ||
| 942 | _n0 | ||
| 948 | _c04/03/1997 | ||
| 999 |
_c89633 _d89633 |
||